Movies Quiz

Random Movies or Oscar Quiz

AFI Film Legends Without an Oscar Quiz Stats

 Plays Quiz Updated Feb 26, 2017

     
Support Sporcle.
Go Orange.
Score 0/22 Timer 05:00
3 Plays Today
Ranking Actor/Actress % Correct
ActressMarilyn Monroe
90.6%
ActressJudy Garland
90%
ActorJames Dean
85.8%
ActorGene Kelly
78.9%
ActorCary Grant
77.2%
ActorThe Marx Bros.
75.6%
ActorKirk Douglas
75.4%
ActorFred Astaire
65.8%
ActressShirley Temple
50.3%
ActressLauren Bacall
45.5%
ActressRita Hayworth
42.7%
Ranking Actor/Actress % Correct
ActressBarbara Stanwyck
38.6%
ActressGreta Garbo
37.9%
ActorEdward G. Robinson
37.2%
ActorRobert Mitchum
35.1%
ActressMae West
30.2%
ActressAva Gardner
24.8%
ActorBuster Keaton
23.2%
ActressMarlene Dietrich
21.6%
ActressCarole Lombard
18.9%
ActressLillian Gish
18.2%
ActressJean Harlow
16.7%

From the Vault

How Canadian Are You?

by MrChewypoo

Music 12m
Happy Canada Day!
Remove Ads.
Support Sporcle.
Get the best of Sporcle when you Go Orange. This ad-free experience offers more features, more stats, and more fun while also helping to support Sporcle. Thank you for becoming a member.

Show Comments

Extras

Top Quizzes Today


Score Distribution

Your Account Isn't Verified!

In order to create a playlist on Sporcle, you need to verify the email address you used during registration. Go to your Sporcle Settings to finish the process.

Report this User

Report this user for behavior that violates our Community Guidelines.

Details: